• 首页
  • 本馆介绍
  • 公告通知
  • 最新文献
  • 馆藏检索
  • 电子资源
  • 读者导购
  • 参考咨询
  • 我的图书馆
  • 登录
  • 详细信息显示
  • 放入我的书架
  • 预约/预借图书
  • 作者相关作品
  • 分类相关作品
  • 丛书相关作品
  • 出版社相关作品

书目信息

  • 表格格式
  • 工作单格式
  • 卡片格式
题名:
废弃电子电器物资源化处理技术
    
 
作者: 王海川 , 张永柱 , 周佩楠 编著
分册:  
出版信息: 北京   冶金工业出版社  2019
页数: xii, 231页
开本: 24cm
丛书名:
单 册:
中图分类: X760.5
科图分类:
主题词: 电子产品--dian zi chan pin--废物综合利用
电子资源:
ISBN: 978-7-5024-7944-2
000 01367nam0 2200313 450
001 012001001317
005 20131107190533.0
010    @a978-7-5024-7944-2@dCNY89.00
099    @aCAL 012019032170
100    @a20190320d2019 ekmy0chiy50 ea
101 0  @achi
102    @aCN@b110000
105    @aak a 000yy
106    @ar
200 1  @a废弃电子电器物资源化处理技术@Afei qi dian zi dian qi wu zi yuan hua chu li ji shu@f王海川, 张永柱, 周佩楠编著
210    @a北京@c冶金工业出版社@d2019
215    @axii, 231页@c图@d24cm
312    @a英文题名取自封面
320    @a有书目
330    @a本书以电子废弃物的概况,回收处理现状及管理对策为开启,凸显城市矿产发展的社会及资源价值。针对目前我国废弃电器电子产品处理企业迅速发展的情况,总结了国内外废弃电器电子产品处理企业认证相关制度和标准,提出废弃电器电子产品处理企业分级分类管理的思想。
333    @a本书适合高等院校环境工程、环境科学和能源专业相关师生阅读,也可供资源综合利用专业方向研究人员、城市矿产资源化处理项目的投资人员和管理人员参考
510 1  @aTechnology for the processing of wasted electronic materials@zeng
606 0  @a电子产品@Adian zi chan pin@x废物综合利用
690    @aX760.5@v5
701  0 @a王海川@Awang hai chuan@4编著
701  0 @a张永柱@Azhang yong zhu@4编著
701  0 @a周佩楠@Azhou pei nan@4编著
801  0 @aCN@b北京卓展@c20191020
905    @b1197998-8001@dX760.5@e286@f4
    
    废弃电子电器物资源化处理技术/王海川, 张永柱, 周佩楠编著.-北京:冶金工业出版社,2019
    xii, 231页:图;24cm
    使用对象:本书适合高等院校环境工程、环境科学和能源专业相关师生阅读,也可供资源综合利用专业方向研究人员、城市矿产资源化处理项目的投资人员和管理人员参考
    
    ISBN 978-7-5024-7944-2:CNY89.00
    本书以电子废弃物的概况,回收处理现状及管理对策为开启,凸显城市矿产发展的社会及资源价值。针对目前我国废弃电器电子产品处理企业迅速发展的情况,总结了国内外废弃电器电子产品处理企业认证相关制度和标准,提出废弃电器电子产品处理企业分级分类管理的思想。
●
相关链接 在E读中查询图书 在五车中查询图书 在当当中查询图书 在豆瓣中查询图书


正题名:废弃电子电器物资源化处理技术     索取号:X760.5/286         预约/预借

序号 登录号 条形码 馆藏地/架位号 状态 备注
1 1197998   211979983   第二样本阅览室/ [索取号:X760.5/286] 在馆    
2 1197999   211979992   第三借阅区/ [索取号:X760.5/286] 在馆    
3 1198000   211980007   第三借阅区/ [索取号:X760.5/286] 在馆    
4 1198001   211980016   第三借阅区/ [索取号:X760.5/286] 在馆    
唐山师范学院图书馆 欢迎您!
大连网信软件有限公司© 版权所有